Estadísticas para Tuyo - Rodrigo Amarante (Narcos Theme) : Letras

Haz click aquí para intentar la prueba.

Estadísticas generales

  • Esta prueba ha sido intentada 33 veces
    (32 desde el último reinicio)
  • La puntuación promedio es 57 de 72

Estadísticas de respuestas

Respuesta% Correcto
a
100%
el
100%
el
100%
el
100%
el
100%
el
100%
el
100%
la
100%
la
100%
la
100%
la
100%
la
100%
que
100%
que
100%
que
100%
que
100%
que
100%
que
100%
Soy
100%
soy
100%
soy
100%
tu
100%
100%
100%
tu
100%
Y
100%
Y
100%
y
100%
y
100%
agua
91%
arde
91%
castillo
91%
fuego
91%
piel
91%
yo
91%
yo
91%
de
82%
de
82%
respiro
82%
sed
82%
tuyo
82%
tuyo
82%
amor
73%
espada
73%
mar
73%
mata
73%
será
73%
será
73%
torre
73%
aire
64%
ansío
64%
caudal
64%
en
64%
guarda
64%
vas
64%
con
55%
cuáles
55%
dar
55%
deseos
55%
garganta
55%
me
55%
mi
55%
mojar
55%
oh
55%
luna
45%
luz
45%
mirarlo
45%
ahogar
36%
basta
36%
temo
36%
tesoro
36%
dices
18%

Distribución de puntuación

Porcentaje por número respondido

Porcentaje de gente con cada puntuación

Historial de tus puntuaciones

No has intentado esta prueba desde el último reinicio